01088nac a22002891u 4500010001600000020001700016082001100033090001500044100003400059111004200093245015900135260005000294300002900344500002200373500003500395500001500430500004100445504002900486650002400515650003000539650002900569710004800598740001200646942001500658999001500673952011000688 a 74192881 a0859540103 :00a664.53 c3324d3324 a20080729 2 aConference on Spices,cLondon,d1972.00aProceedings of the Conference on Spices, held at the London School of Pharmacy ... 10th-14th April 1972 /c[organised by the] Tropical Products Institute. aLondon :bTropical Products Institute,c1973. a261 p. :bill. ;c30 cm. aOn cover: Spices. aAbstracts of papers in French. aDonations. aDonations - Bibliotheca Alexandrina. aIncludes bibliographies. 0aSpicesxCongresses. 0aSpice plantsxCongresses. 0aSpice tradexCongresses.2 aTropical Products Institute (Great Britain) aSpices. cBBk664.53 c3324d3324 00102ddc4070aMAINbMAINc1STd2007-04-03ePurchasel0o664.53 PROp000033270r2025-07-15 00:00:00yBB